Who Wrote These Queen Songs #2 - Statistics

General Stats
  • This quiz has been taken 10 times
  • The average score is 10 of 17
Answer Stats
Question Answer % Correct
I'm Going Slightly Mad Freddie Mercury
86%
Radio Ga Ga Roger Taylor
86%
Who Wants To Live Forever Brian May
71%
I Want It All Brian May
71%
'39 Brian May
71%
Teo Torriatte Brian May
71%
It's A Hard Life Freddie Mercury
71%
I Want To Break Free John Deacon
71%
Tie Your Mother Down Brian May
57%
Princes Of The Universe Freddie Mercury
57%
Death On Two Legs Freddie Mercury
57%
These Are The Days Of Your Lives Roger Taylor
57%
Hammer To Fall Brian May
43%
Brighton Rock Brian May
43%
The Invisible Man Roger Taylor
43%
A Kind Of Magic Roger Taylor
29%
Headlong Brian May
14%
No matching quizzes found
Score Distribution
Percent of People with Each Score
Percentile by Number Answered
Your Score History
You have not taken this quiz